00620nam a22001097a 4500008004100000100001700041245008000058260003400138300003400172520027000206773003400476260624b ||||| |||| 00| 0 eng d aMenon, Meena aChange in social movements: Comparing two cases from India and South Africa aEconomic & Political Weekly  a61(23), Jun 6, 2026: p.34--35 aHow Social Movements Imagine: Anthropology of Protest and the Newer Social Movements in India and South Africa by Bobby Luthra Sinha, Abingdon, Oxon: Routledge 2025; pp 312, `1,595.- Reproduced https://www.epw.in/journal/book-reviews/change-social-movements.html  aEconomic & Political Weekly